| 000 | 00622nam a2200181Ia 4500 | ||
|---|---|---|---|
| 005 | 20260429112234.0 | ||
| 008 | 260429s9999||||xx |||||||||||||| ||und|| | ||
| 020 | _a9789381067734 | ||
| 041 | _aHindi | ||
| 082 |
_a954 _bSIN |
||
| 100 | _aसिंह, राधेश्याम | ||
| 245 | 0 |
_aभारतीय राष्ट्रीय आन्दोलन का इतिहास / _cराधेश्याम सिंह |
|
| 250 | _a0 | ||
| 260 |
_aनई दिल्ली : _bआर्य प्रकाशन, _c2024. |
||
| 300 | _a272 p.; Hb | ||
| 650 | _aHISTORY- INDIA BIOGRAPHY | ||
| 942 | _cTB | ||
| 999 |
_c53059 _d53059 |
||